All Madfut Card Types - Statistics

General Stats
  • This quiz has been taken 285 times
  • The average score is 11 of 48
Answer Stats
Hint Answer % Correct
93 Messi Rare Gold
78%
97 Mbappé TOTY
77%
74 Oier Rare Silver
62%
96 Neymar Jr. TOTS
60%
82 David Soria Non-rare Gold
56%
64 Long Rare Bronze
55%
73 Blum Non-rare Silver
54%
97 Maradona Icons
38%
99 Pelé Icon Moments
32%
93 Benzema TOTW Gold
32%
74 Wamangituka TOTW Silver
32%
93 Mané TOTY Nominee
30%
94 Lewandowski FUT Champs
27%
96 Piqué Flashback
26%
92 Modric FUT Birthday
23%
96 Totti Madfut Icon
23%
88 Hummels MOTM
23%
85 Werner Ones to Watch
23%
94 Oblak La Liga POTM
18%
92 Ansu Fati Future Stars
17%
87 Yilmaz Ligue 1 POTM
16%
89 Griezmann UCL RTTF
16%
91/90 Haaland Bundesliga POTM
15%
84 David Hero
15%
95 Henry Icon Throwback
15%
91 Kane Rulebreakers
15%
93 Lanzini TOTS Moments
15%
92 Fernandes Premier League POTM
13%
93 Rooney SBC Premium
13%
90 Walker Showdown
13%
91 Kanté UCL MOTM
13%
97 Kante Future Icons
12%
89 Son Headliners
11%
87 Pulisic Objectives
11%
89 Koulibaly UEL RTTF
11%
81 Salvio Libertadores
10%
91 Dybala Player Moments
9%
87 Falcao Record Breaker
9%
78 Acosta Sudamericana
9%
89 Pogba UEL MOTM
9%
86 Wanyama Squad Foundations
8%
89 Rúben Neves League Objectives
6%
92 Ronaldo UCL Rare
6%
90 Casemiro Freeze
5%
82 Marchesín Non-rare UCL
4%
90 Sancho What If
4%
87 Rashford UCL TOTGS
3%
85 Lucas Moura UEL TOTGS
3%
No matching quizzes found
Score Distribution
Percent of People with Each Score
Percentile by Number Answered
Your Score History
You have not taken this quiz